| 000 | 00585nam a2200193 a 4500 | ||
|---|---|---|---|
| 005 | 20260304063928.0 | ||
| 008 | 051028s2000 mx r 000 0 spa d | ||
| 020 | _a9701847962 | ||
| 035 | _aUPN01000140873 | ||
| 049 | _aCG | ||
| 050 | 4 |
_aJL1224 _bM3.2 |
|
| 100 | 1 | _aMainero, Carlos E. | |
| 245 | 1 | 3 |
_aLa administración pública mexicana / _cCarlos E. Mainero. |
| 260 |
_aMéxico : _bCONACULTA, _c2000. |
||
| 300 |
_a63 p. : _bil. |
||
| 650 | 4 |
_aAdministración pública _zMéxico _xHistoria _911770 |
|
| 650 | 4 |
_aDEPARTAMENTOS DEL PODER EJECUTIVO - _zMEXICO _913935 |
|
| 905 | _aLibro | ||
| 999 |
_c113021 _d113021 |
||